000 00630nam a2200193 a 4500
001 000047327
005 20201002053543.0
008 180503s1982 dr a 000 0 spa d
020 _a8489530009
040 _aDO-SdBNP
_bspa
_cBNPHU
082 _aRD863.5
_bM342c
245 0 3 _aLa mariposa de colores /
_cAnnelie Vega... [et.al ] ; ilustraciones Lorelay Carron.
260 _aSanto Domingo :
_bINTERGRAFIC,
_c1982.
300 _a[18] p. :
_bil. ;
_c21 cm.
590 _aInventariado, 2018/VM
650 4 _aCuetnos infantiles dominicanos
_974998
650 4 _aLiteratura infantil dominicana
_9441
700 1 _aCarron, Lorelay
_973010
999 _c46815
_d46815